Analysis of the pillars of the knowledge economy in the countries of the Visegrad four

Analýza pilierov znalostnej ekonomiky v krajinách V4 pomocou sekundárnych údajov čerpaných z údajovej databázy Svetovej banky podľa metodológie hodnotenia znalosti - KAM.

Guardado en:
Detalles Bibliográficos
Autor principal: Marková, Stela
Otros Autores: Hečková, Jaroslava, Chapčáková, Alexandra
Formato: Capítulo de libro
Lenguaje:inglés
Materias:
Etiquetas: Agregar Etiqueta
Sin Etiquetas, Sea el primero en etiquetar este registro!

MARC

LEADER 00000naa a2200000 4500
001 0223511
005 20220718122813.9
041 0 |a eng 
044 |a SK 
245 1 0 |a Analysis of the pillars of the knowledge economy in the countries of the Visegrad four  |c Stela Marková, Jaroslava Hečková, Alexandra Chapčáková 
520 |a Analýza pilierov znalostnej ekonomiky v krajinách V4 pomocou sekundárnych údajov čerpaných z údajovej databázy Svetovej banky podľa metodológie hodnotenia znalosti - KAM. 
610 2 0 |a ekonomika znalostná 
610 2 0 |a Vyšehradská štvorka 
610 2 0 |a analýza regresná 
610 2 0 |a Svetová banka 
100 1 |a Marková, Stela 
700 1 |a Hečková, Jaroslava 
700 1 |a Chapčáková, Alexandra